| 000 | 00796nam a2200253 a 4500 | ||
|---|---|---|---|
| 005 | 20140320150821.0 | ||
| 008 | 131119b2007 ck ||||| |||| 00| 0 spa d | ||
| 020 | _a9789588343181 | ||
| 041 | _aspa | ||
| 044 | _ack | ||
| 090 |
_aIAVH _b00958 |
||
| 100 | 1 |
_aJimenez, Elizabeth _92483 |
|
| 245 | _aSistemática, biogeografía y conservación de las hormigas cazadoras en Colombia [Recurso electrónico] | ||
| 260 |
_aBogotá _bIAVH _c2007 |
||
| 300 | _a609 p. | ||
| 504 | _aIncluye Contenido y Prólogo | ||
| 505 | _aSistemática, Biografía y conservación, Estudios de casos | ||
| 700 |
_aJiménez, Elizabeth _92483 |
||
| 700 |
_aFernández, Fernando _91456 |
||
| 700 |
_aArias, Tania Milena _92841 |
||
| 700 |
_aLozano Zambtrano, Fabio H. _92842 |
||
| 942 |
_2z _cCD-ROM |
||
| 945 | _dLER | ||
| 999 |
_c6964 _d6964 |
||